000 00288nam a22001217a 4500
008 180606b xxu||||| |||| 00| 0 eng d
041 _aeng
080 _a043.3
100 _a0
101 _aMBE-BA
245 _aVlersimi i Efikasistetit te Projektit Intensiv
_cBalaj, Q
942 _2udc
_cBK
999 _c46447
_d46447